000 00721nam a2200205Ia 4500
005 20240530101914.0
008 140319s xx 000 0 ara d
040 _aGCL /
_cGCL
082 0 4 _a412 /
_bا ف
100 1 _aابى هلال العسكرى
245 1 0 _aالفروق اللغوية /
_cابى هلال العسكرى
260 _aبيروت :
_bدار الكتب العلمية للنشر والتوزيع ،
_cد. ت
300 _a259 ص ؛
_b24 سم
650 0 4 _aالاشتقاق
650 0 4 _aاللغة العربية
650 0 4 _aالمترادفات والاضداد
700 _aحسام الدين القدسى
_eمحقق
942 _2ddc
_cBK
999 _c28605
_d28605